| 000 | 00395nam a22001457a 4500 | ||
|---|---|---|---|
| 020 | _qPB. | ||
| 040 | _cFIZZA ISHAQ | ||
| 082 |
_a629.895 _bENR |
||
| 100 |
_aMELGAR, RAMOS ENRIQUE. _991655 |
||
| 245 |
_aARDUINO AND KINECT PROJECTS DESIGN BUILD BLOW THEIR MINDS / _cENRIQUE RAMOS MELGAR. |
||
| 250 | _a1st ED. | ||
| 260 |
_aNEW YORK ; _bAPRESS, _c2012. |
||
| 300 | _a416 P. ; | ||
| 942 |
_2ddc _cBK |
||
| 999 |
_c589798 _d589798 |
||